| 000 | 01287nam a2200277 a 4500 | ||
|---|---|---|---|
| 001 | 000032583 | ||
| 003 | OSt | ||
| 005 | 20260321073642.0 | ||
| 008 | 081127s1980 dr 001 0 spa d | ||
| 040 |
_aDO-SdBNP _bspa _cBNPHU |
||
| 082 |
_a959.7043 _bB742v, 1980 |
||
| 100 | 1 |
_a Bosch, Juan, _d1909-2001 _976555 |
|
| 245 | 1 | 0 |
_aViaje a los antípodas / _cJuan Bosch. |
| 250 | _a2ª ed. | ||
| 260 |
_aSanto Domingo : _bAlfa & Omega, _c1980. |
||
| 300 |
_a239 p. ; _c21 cm. |
||
| 505 | 0 |
_tAsia y el Sudeste asiático-- _tViaje a los antípodas-- _tLos papeles del Pentágono-- _tLa teoría del dominó -- _tEl papel del mentiroso -- _tEl hombre clave de los Estados Unidos en Viet Nam del Sur-- _t¿Quién provocó la guerra de Viet Nam del Sur? -- _tLos años de Kennedy -- _tComentarios anónimos sobre la guerra de Indochina -- _tDos conferencias sobre Viet Nam y Cambodia -- _tDos discursos por Radio Comercial. |
|
| 505 | 9 | 0 | _aIncluye referencias biográficas del autor en la contra cubierta |
| 590 | _aInventariado, 2020/YL | ||
| 650 | 4 |
_aGuerra de Vietnam _y1961-1975 _91887 |
|
| 651 | 4 |
_aVietnam _xHistoria _91888 |
|
| 651 | 4 |
_aAsia Sudoriental _xHistoria _91889 |
|
| 651 | 4 |
_aEstados Unidos _xPolítica militar _91496 |
|
| 910 | _aValidado. Control de calidad EMS | ||
| 942 |
_2ddc _cLBS1 |
||
| 999 |
_c32074 _d32074 |
||